| 000 | 01309cab a2200325 4500 | ||
|---|---|---|---|
| 001 | ABS50061 | ||
| 008 | 090401t1994 xxu||||| |||| 00| 0 eng d | ||
| 035 | _a(Sirsi) u73928 | ||
| 041 | _aeng | ||
| 100 | _aMorris, M.E. | ||
| 245 | _aAdjudication as operated on the construction of the Dartford River Crossing | ||
| 260 | _c1994 | ||
| 350 | _a0 | ||
| 490 |
_aArbitration _v60(1) February 1994, 13-16(4) |
||
| 520 | _aThe role of adjudication is explained, using the Dartford River Crossing by way of example. Highlights the need for proper procedures to be set out and for consideration of the adjudicator`s liability. | ||
| 650 | _aMANAGEMENT-DISPUTE AVOIDANCE, MANAGEMENT AND RESOLUTION-DISPUTE MANAGEMENT AND RESOLUTION-ALTERNATIVE DISPUTE RESOLUTION-ADJUDICATION | ||
| 650 | _aBOOT PROJECTS | ||
| 650 | _aBUILD OWN OPERATE AND TRANSFER | ||
| 650 | _aBUILT ENVIRONMENT-BUILDING CONTRACT FORMS | ||
| 650 | _aCONSTRUCTION DISPUTES | ||
| 650 | _aDARTFORD RIVER CROSSING | ||
| 650 | _aICE ARBITRATION PROCEDURE | ||
| 650 | _aLIABILITY | ||
| 650 | _aQUEEN ELIZABETH II BRIDGE | ||
| 650 | _aRULE 20 | ||
| 650 | _aSHORT PROCEDURE | ||
| 690 | _aMANAGEMENT-DISPUTE AVOIDANCE, MANAGEMENT AND RESOLUTION-DISPUTE MANAGEMENT AND RESOLUTION-ARBITRATION | ||
| 942 | _n0 | ||
| 948 | _c04/03/1997 | ||
| 999 |
_c46659 _d46659 |
||